First lines of Queen songs - Statistics

General Stats
  • This quiz has been taken 86 times
  • The average score is 7 of 15
Answer Stats
Hint Answer % Correct
Is this the real life? Is this just fantasy? Bohemian Rhapsody
99%
I've paid my dues, time after time We are the champions
93%
Tonight I'm gonna have myself a real good time Don't stop me now
81%
Buddy, you're a boy, make a big noise We will rock you
76%
Empty spaces, what are we living for? The show must go on
57%
Steve walks warily down the street with the brim pulled way down low Another one bites the dust
53%
One man, one goal, one mission One vision
43%
I'd sit alone and watch your light Radio Ga Ga
40%
The machine of a dream, such a clean machine I'm in love with my car
27%
While the sun hangs in the sky and the desert has sand Innuendo
27%
Here I stand (here I stand) Look around, around, around, around, around Now I'm here
23%
Fear me you loathsome, lazy creatures Seven seas of Rhye
21%
This could be heaven Heaven for everyone
19%
It started off so well Save me
17%
Every drop of rain that falls The Miracle
16%
No matching quizzes found
Score Distribution
Percent of People with Each Score
Percentile by Number Answered
Your Score History
You have not taken this quiz